000 00337nam a22001337a 4500
020 _a9780080428390
040 _cNust
082 _a621.4025
_bHES
100 _aJ.E. Hesselgreaves
_9125374
245 _aCompact Heat Exchangers
260 _aLondon:
_bPergamon,
_c2001.
650 _aCompact Heat Exchangers
_9125375
942 _2ddc
_cBK
999 _c611127
_d611127